00671nam a2200217 a 450000100060000000300080000600500170001400800410003103500190007204000250009104100080011608200240012410000230014824500840017126000430025530000340029850000200033265000360035265000350038870000300042364028BD-RjUL20211209081250.0170208s1951 xx a 001 0 eng d a(BD-RjUL)64158 aWUbengcWUdBD-RjUL aeng 223a940.5bALE 19511 aAlbjerg, Victor L.10aEurope from 1914 to the present /cVictor L. Albjerg, Marguerite Hall Albjerg. aNew York, N.Y. :bMcGraw-Hill,cc1951. axii, 856 p. :bill. ;c24 cm. aIncludes index. aWorld War, 1914-1918zTextbooks aWorld War, 1914-1918z Europe  aAlbjerg, Marguerite Hall